[Event "XLI Rilton Cup 2011-12"]
[Site "Stockholm SWE"]
[Date "2012.01.04"]
[Round "8"]
[Board "5"]
[White "Tikkanen, Hans"]
[Black "Brynell, Stellan"]
[Result "1/2-1/2"]
[WhiteTitle "GM"]
[BlackTitle "GM"]
[WhiteElo "2586"]
[BlackElo "2486"]
[WhiteFideId "1706446"]
[BlackFideId "1700219"]
[EventDate "2011.12.27"]

1. c4 Nf6 2. g3 e6 3. Bg2 d5 4. Nf3 dxc4 5. Qa4+ Nbd7 6. Qxc4 c5 7. Qb3 Rb8 8.
Nc3 a6 9. O-O b5 10. d4 Bb7 11. Be3 c4 12. Qc2 Be7 13. Rfe1 b4 14. Nb1 Rc8 15.
Bg5 h6 16. Bxf6 Nxf6 17. Qa4+ Qd7 18. Qxd7+ Nxd7 19. a3 O-O 20. axb4 Bxb4 21.
Rc1 Bxf3 22. Bxf3 a5 23. Nc3 Nb6 24. Rc2 Rfd8 25. Nb5 Rd7 26. e3 Rb8 27. Be2
Rdb7 28. Na3 Rc7 29. Nxc4 Nxc4 30. b3 e5 31. dxe5 Rc5 32. Rxc4 Rxe5 33. Rc7 Rbe8
34. Rd1 R5e7 35. Rxe7 Rxe7 36. Rd8+ Kh7 37. h4 g6 38. h5 gxh5 39. Bxh5 Kg7 40.
Rd5 Kf6 41. Kg2 Rc7 42. Rd4 Kg7 43. Rg4+ Kf8 44. Rf4 Kg7 45. e4 Re7 46. Kf3 Bc3
47. Rf5 Kf8 48. Ke3 Kg7 49. Kd3 Bb4 50. e5 Be1 51. Ke2 Bc3 52. f4 Rb7 53. Bf3
Rd7 54. Bc6 Re7 55. Bd5 Rd7 56. Bc4 Bb4 57. g4 Re7 58. Rf6 Bc3 59. Kd3 Bb4 60.
Rc6 Be1 61. Kd4 Bg3 62. Ke4 Be1 63. Bd5 Bb4 64. Kd4 Ba3 65. Ra6 Bc1 66. Ke4 Bd2
67. Bc4 Bb4 68. Kd4 Rd7+ 69. Bd5 Rc7 70. f5 Rc1 71. Be4 Bc3+ 72. Kd5 Rd1+ 73.
Kc6 Bxe5 74. Rxa5 Kf6 75. Bd5 Rc1+ 76. Bc4 h5 77. gxh5 Kxf5 78. Kd7 f6 79. Ra2
Kg5 80. Bf7 Rc7+ 81. Ke8 Rc8+ 82. Ke7 Rc7+ 83. Kf8 Rc8+ 84. Be8 Rb8 85. Rg2+ Kh6
86. Rg8 Rxb3 87. Rg6+ Kh7 88. Rg7+ Kh6 89. Rg6+ Kh7 90. Rg7+ Kh6 91. Rg6+ 1/2-1/2

[Event "XLI Rilton Cup 2011-12"]
[Site "Stockholm SWE"]
[Date "2012.01.04"]
[Round "8"]
[Board "6"]
[White "Bakre, Tejas"]
[Black "Semcesen, Daniel"]
[Result "1/2-1/2"]
[WhiteTitle "GM"]
[BlackTitle "IM"]
[WhiteElo "2509"]
[BlackElo "2490"]
[WhiteFideId "5004195"]
[BlackFideId "1706993"]
[EventDate "2011.12.27"]

1. c4 f5 2. g3 Nf6 3. Bg2 g6 4. Nc3 Bg7 5. d3 d6 6. e4 O-O 7. Nge2 fxe4 8. dxe4
c5 9. O-O Nc6 10. h3 e5 11. Nd5 Be6 12. Bg5 Qd7 13. Kh2 Rae8 14. Qd2 Kh8 15.
Rad1 Nd4 16. Nxd4 exd4 17. Rde1 a6 18. Qa5 Bxd5 19. cxd5 Qb5 20. Qxb5 axb5 21.
Bf4 1/2-1/2

[Event "XLI Rilton Cup 2011-12"]
[Site "Stockholm SWE"]
[Date "2012.01.04"]
[Round "8"]
[Board "7"]
[White "L'Ami, Erwin"]
[Black "Denisov, Ivan"]
[Result "1-0"]
[WhiteTitle "GM"]
[WhiteElo "2594"]
[BlackElo "2348"]
[WhiteFideId "1007998"]
[BlackFideId "24119466"]
[EventDate "2011.12.27"]

1. d4 Nf6 2. c4 e6 3. Nf3 b6 4. g3 Ba6 5. b3 Bb4+ 6. Bd2 Be7 7. Nc3 c6 8. e4 d5
9. e5 Ne4 10. Bd3 Nxc3 11. Bxc3 c5 12. O-O Nc6 13. dxc5 dxc4 14. Be4 Qxd1 15.
Rfxd1 Rc8 16. cxb6 axb6 17. b4 O-O 18. Bxc6 Rxc6 19. Rd7 Bd8 20. Rad1 Rc8 21.
Ra7 Bb5 22. Nd4 Be8 23. b5 Kh8 24. f4 Bc7 25. a4 Bd7 26. Nf5 Bb8 27. Raxd7 exf5
28. e6 f6 29. e7 Rfe8 30. Rd8 Bc7 31. Rxc8 Rxc8 32. Rd7 1-0

[Event "XLI Rilton Cup 2011-12"]
[Site "Stockholm SWE"]
[Date "2012.01.04"]
[Round "8"]
[Board "8"]
[White "Lindberg, Bengt"]
[Black "Smith, Axel"]
[Result "1-0"]
[WhiteTitle "IM"]
[BlackTitle "IM"]
[WhiteElo "2415"]
[BlackElo "2480"]
[WhiteFideId "1700359"]
[BlackFideId "1707930"]
[EventDate "2011.12.27"]

1. e4 c5 2. Nf3 d6 3. d4 cxd4 4. Nxd4 Nf6 5. Nc3 a6 6. Be2 Nbd7 7. O-O g6 8. Re1
Bg7 9. Bf1 O-O 10. Bg5 Re8 11. Qd2 Qb6 12. Nb3 Qc7 13. f3 Nb6 14. Nd1 Nc4 15.
Bxc4 Qxc4 16. Ne3 Qb5 17. Bh4 Be6 18. a4 Qd7 19. Nd4 Rac8 20. b3 Qc7 21. c4 Qb6
22. Red1 Nd7 23. Rab1 Qa7 24. Bf2 Qb8 25. Nd5 Rcd8 26. Bh4 Bxd5 27. exd5 Bf6 28.
Bf2 Nf8 29. b4 Qc7 30. Rbc1 Qd7 31. b5 Ra8 32. Qc2 Rec8 33. Qb3 Bg5 34. Rc2 Bf4
35. Rb1 axb5 36. cxb5 Rxc2 37. Qxc2 e5 38. Nc6 Bg5 39. a5 Qc8 40. b6 Kg7 41. Qa4
Qe8 42. Qa2 Nd7 43. Na7 e4 44. Bd4+ Bf6 45. Bxf6+ Nxf6 46. Re1 Qe5 47. fxe4 Qc3
48. Qa1 Qc5+ 49. Kh1 Re8 50. Rc1 Qe3 51. Nb5 Rxe4 52. Rf1 Re5 53. Nxd6 Qd3 54.
a6 Qxa6 55. Qxa6 bxa6 56. b7 Nd7 57. Rxf7+ Kh6 58. h4 Nb8 59. Rf8 Rxd5 60. Rxb8
Rxd6 61. Ra8 1-0

[Event "XLI Rilton Cup 2011-12"]
[Site "Stockholm SWE"]
[Date "2012.01.04"]
[Round "8"]
[Board "10"]
[White "Berczes, David"]
[Black "Sagit, Rauan"]
[Result "1-0"]
[WhiteTitle "GM"]
[BlackTitle "FM"]
[WhiteElo "2555"]
[BlackElo "2368"]
[WhiteFideId "722960"]
[BlackFideId "1708376"]
[EventDate "2011.12.27"]

1. Nf3 Nf6 2. c4 b6 3. g3 Bb7 4. Bg2 g6 5. d4 Bg7 6. O-O O-O 7. d5 b5 8. Nfd2 d6
9. cxb5 a6 10. Qb3 axb5 11. Qxb5 Ba6 12. Qa4 Nbd7 13. Qd1 Rb8 14. Nb3 Re8 15.
Nc3 e6 16. dxe6 fxe6 17. Nd4 Qc8 18. Rb1 c5 19. Nc2 d5 20. Bf4 Rb6 21. Re1 Kh8
22. e4 e5 23. Bg5 d4 24. Na4 Rb8 25. Na3 Re6 26. Rc1 Rc6 27. b3 Qc7 28. Bxf6
Rxf6 29. Bf1 Bxf1 30. Rxf1 Bh6 31. Rc2 Qc6 32. Qd3 Rbf8 33. f3 Be3+ 34. Kg2 g5
35. g4 h5 36. h3 hxg4 37. hxg4 Rh6 38. Nc4 Bf4 39. Kf2 Rh3 40. Ke1 Nf6 41. Rg2
Rf7 42. Qe2 Rfh7 43. Nab2 Rh2 44. Nd3 Bg3+ 45. Kd1 Kg8 46. Rfg1 Qa8 47. Kc1 Nd7
48. Qf1 Nf8 49. Rxh2 Bxh2 50. Rg2 Ne6 51. Kb1 Bf4 52. a4 Qb8 53. Ka2 Qc7 54. Rc2
Rh6 55. Qd1 Nd8 56. b4 Qa7 57. Nxc5 Nc6 58. Qb1 d3 59. Nxd3 Qxa4+ 60. Na3 Nd4
61. Nc5 Qa7 62. Rg2 Rh3 63. Qd3 Rxf3 64. Qa6 Qf7+ 65. Kb2 Rb3+ 66. Nxb3 Qxb3+
67. Ka1 Qc3+ 68. Rb2 Bc1 69. Qc4+ Qxc4 70. Nxc4 Bxb2+ 71. Kxb2 Nb5 72. Kc2 1-0

[Event "XLI Rilton Cup 2011-12"]
[Site "Stockholm SWE"]
[Date "2012.01.04"]
[Round "8"]
[Board "11"]
[White "Fries-Nielsen, Jens Ove"]
[Black "Cramling, Pia"]
[Result "1/2-1/2"]
[WhiteTitle "IM"]
[BlackTitle "GM"]
[WhiteElo "2387"]
[BlackElo "2495"]
[WhiteFideId "1400142"]
[BlackFideId "1700030"]
[EventDate "2011.12.27"]

1. d4 Nf6 2. c4 e6 3. a3 c5 4. d5 b5 5. e4 bxc4 6. Nc3 Bb7 7. Bxc4 exd5 8. Nxd5
Nxd5 9. Bxd5 Bxd5 10. Qxd5 Nc6 11. Nf3 Be7 12. O-O Rb8 13. Bd2 O-O 14. Bc3 Qc7
15. Rad1 d6 16. Rd3 Rfe8 17. Rfd1 Bf8 18. Qh5 Rbd8 19. Qf5 Qc8 20. Qf4 Qe6 21.
Re1 Ne5 22. Rd5 Nxf3+ 23. Qxf3 g6 24. h4 Bg7 25. h5 Bxc3 26. Qxc3 f5 27. h6 Re7
28. f3 Qf7 29. Red1 fxe4 30. Rxd6 Rf8 31. Rd8 exf3 32. gxf3 Qf4 33. Rxf8+ Qxf8
34. Qc4+ Kh8 35. Qc3+ Kg8 36. Qc4+ Kh8 37. Qc3+ Kg8 1/2-1/2

[Event "XLI Rilton Cup 2011-12"]
[Site "Stockholm SWE"]
[Date "2012.01.04"]
[Round "8"]
[Board "13"]
[White "L'Ami, Alina"]
[Black "Socko, Monika"]
[Result "1/2-1/2"]
[WhiteTitle "WGM"]
[BlackTitle "GM"]
[WhiteElo "2364"]
[BlackElo "2479"]
[WhiteFideId "1210246"]
[BlackFideId "1106619"]
[EventDate "2011.12.27"]

1. d4 Nf6 2. c4 g6 3. Nc3 Bg7 4. e4 d6 5. h3 O-O 6. Bg5 c6 7. Bd3 e5 8. d5 Na6
9. Nge2 Nc5 10. Bc2 a5 11. a3 h6 12. Be3 cxd5 13. cxd5 Bd7 14. O-O a4 15. Qd2
Kh7 16. f4 Rc8 17. fxe5 dxe5 18. Rf3 Ne8 19. Bxc5 Rxc5 20. Bxa4 Bxa4 21. Nxa4
Rc4 22. Nac3 Nd6 23. Ng3 f5 24. Qe2 Qc8 25. Kh1 Rd4 26. exf5 gxf5 27. Nb5 Nxb5
28. Qxb5 Rf7 29. Raf1 f4 30. Ne2 Rd2 31. Nc3 Qf5 32. Qc4 Rd4 33. Qe2 Qg6 34.
R3f2 Kh8 35. Qg4 Qxg4 36. hxg4 Rf6 37. g3 Rg6 38. gxf4 Rxg4 39. fxe5 Bxe5 40.
Rg2 Rxg2 41. Kxg2 Rd2+ 1/2-1/2

[Event "XLI Rilton Cup 2011-12"]
[Site "Stockholm SWE"]
[Date "2012.01.04"]
[Round "8"]
[Board "14"]
[White "Sipila, Vilka"]
[Black "Blomqvist, Erik"]
[Result "1-0"]
[WhiteTitle "FM"]
[BlackTitle "IM"]
[WhiteElo "2316"]
[BlackElo "2477"]
[WhiteFideId "505455"]
[BlackFideId "1709437"]
[EventDate "2011.12.27"]

1. e4 c5 2. b4 cxb4 3. Nf3 d5 4. exd5 Qxd5 5. c4 Qa5 6. d4 Nf6 7. Bd3 Bg4 8. O-O
e6 9. h3 Bh5 10. Nbd2 Be7 11. Re1 Nc6 12. Bb2 O-O 13. Qc2 Bg6 14. Ne5 Bxd3 15.
Qxd3 Rad8 16. Ndf3 Nd7 17. Ng4 Qh5 18. Rad1 Rfe8 19. Qc2 Nb6 20. Re2 f5 21. Ne3
Bf6 22. d5 exd5 23. Bxf6 gxf6 24. cxd5 Ne5 25. Nxe5 Rxe5 26. Red2 Rd7 27. Rd4 1-0

[Event "XLI Rilton Cup 2011-12"]
[Site "Stockholm SWE"]
[Date "2012.01.04"]
[Round "8"]
[Board "15"]
[White "De Filomeno, Simone"]
[Black "Nithander, Victor"]
[Result "0-1"]
[WhiteTitle "FM"]
[BlackTitle "IM"]
[WhiteElo "2299"]
[BlackElo "2423"]
[WhiteFideId "828688"]
[BlackFideId "1707833"]
[EventDate "2011.12.27"]

1. e4 d6 2. d4 Nf6 3. Nc3 g6 4. Bg5 Bg7 5. Qd2 c6 6. f4 Qa5 7. Nf3 Bg4 8. Bd3
Nbd7 9. O-O Bxf3 10. Rxf3 Qb4 11. Bf1 Qxb2 12. Re1 Qb6 13. Na4 Qc7 14. e5 Ng8
15. c4 O-O-O 16. exd6 Qxd6 17. Rd3 Bf6 18. Qa5 Bxd4+ 19. Kh1 c5 20. Rxd4 Qxd4
21. Qxa7 Qd6 22. Qa8+ Qb8 23. Qa5 Qc7 24. Qa8+ Nb8 25. Rb1 Rd6 26. Nxc5 Rb6 27.
Rxb6 Qxb6 28. Nd7 Kxd7 29. Qxb8 Qb2 30. Qa8 Nf6 31. Qxh8 Qf2 32. h3 Qxf1+ 33.
Kh2 Qxc4 34. Qb8 Qc7 35. Qa7 Nd5 36. Qa3 f6 37. Bh6 Qc4 38. Qa7 Qc7 39. Qa8 Qc6
40. Qa7 Kc7 41. Qa5+ b6 42. Qa7+ Qb7 43. Qa3 Kd7 44. Qa4+ b5 45. Qe4 Qc6 46. f5
g5 47. h4 gxh4 48. Bd2 Qd6+ 49. Kh1 Qe5 50. Qd3 Kc6 51. Qc2+ Kb6 52. a3 Qa1+ 53.
Bc1 Qc3 54. Qf2+ Kc6 55. Bb2 Qd3 56. Kh2 Qe4 57. Bc1 Qe5+ 58. Kh1 Qa1 59. Qe1
Qe5 60. Qxe5 fxe5 61. Bg5 Kd7 62. Bxh4 Ne3 63. f6 exf6 64. Bxf6 Nc4 65. Bg7 Nxa3
66. Bxe5 b4 67. Kh2 Ke6 68. Bd4 b3 69. Kg3 Kf5 70. Kh4 Kg6 0-1

[Event "XLI Rilton Cup 2011-12"]
[Site "Stockholm SWE"]
[Date "2012.01.04"]
[Round "8"]
[Board "17"]
[White "Byklum, Bjornar"]
[Black "Leer-Salvesen, Bjarte"]
[Result "1/2-1/2"]
[WhiteTitle "FM"]
[BlackTitle "IM"]
[WhiteElo "2252"]
[BlackElo "2380"]
[WhiteFideId "1502123"]
[BlackFideId "1501496"]
[EventDate "2011.12.27"]

1. Nf3 c5 2. g3 Nc6 3. Bg2 g6 4. O-O Bg7 5. d3 d6 6. e4 e5 7. Nc3 Nge7 8. Nd2 h5
9. Nc4 Bg4 10. f3 Be6 11. Ne3 h4 12. Rf2 1/2-1/2

[Event "XLI Rilton Cup 2011-12"]
[Site "Stockholm SWE"]
[Date "2012.01.04"]
[Round "8"]
[Board "18"]
[White "Westerberg, Jonathan"]
[Black "Villegas, Pierre"]
[Result "1-0"]
[WhiteTitle "FM"]
[WhiteElo "2321"]
[BlackElo "2249"]
[WhiteFideId "1701754"]
[BlackFideId "654183"]
[EventDate "2011.12.27"]

1. e4 c6 2. d4 d5 3. Nd2 dxe4 4. Nxe4 Bf5 5. Ng3 Bg6 6. h4 h6 7. Nf3 Nd7 8. h5
Bh7 9. Bd3 Bxd3 10. Qxd3 e6 11. Bf4 Qa5+ 12. Bd2 Bb4 13. c3 Be7 14. c4 Qa6 15.
Ne4 Rd8 16. Qb3 Ngf6 17. Nxf6+ Nxf6 18. O-O-O c5 19. dxc5 Bxc5 20. Kb1 Ne4 21.
Be3 O-O 22. Ne5 Bd6 23. Nd3 Rc8 24. Qb5 Rxc4 25. Qxa6 bxa6 26. Bxa7 Rfc8 27. g4
Kf8 28. f3 Nf6 29. Rc1 Ke7 30. Rxc4 Rxc4 31. b3 Rc3 32. Rd1 e5 33. Kb2 Rc6 34.
Re1 Nd7 35. b4 f6 36. Kb3 Bc7 37. a4 Bb6 38. Bxb6 Nxb6 39. Nc5 Nd7 40. Ne4 Nb6
41. Rd1 Nc8 42. b5 axb5 43. axb5 Rb6 44. Kc4 Rb7 45. Kb4 Rb6 46. Ng3 Rb7 47.
Nf5+ Ke6 48. Rd8 Rc7 49. Re8+ Kd7 50. Rg8 Rc1 51. Rxg7+ Ke6 52. Rb7 Rb1+ 53. Ka3
Rf1 54. Rc7 Rxf3+ 55. Ka2 Rf2+ 56. Kb3 Nd6 57. Re7+ Kd5 58. Rd7 Kc5 59. Nxd6 Rf4
60. Nb7+ Kxb5 61. Rg7 Rf3+ 62. Kc2 Kc4 63. Nd6+ Kd5 64. Nf5 e4 65. Kd2 Ra3 66.
Nxh6 Ra2+ 67. Ke3 Ra3+ 68. Kf2 Ke5 69. Nf5 Kf4 70. h6 e3+ 71. Kg2 Ra2+ 72. Kh3
Kf3 73. Re7 e2 74. Nd4+ Kf4 75. Nxe2+ Kg5 76. h7 Ra8 77. Ng3 Rh8 78. Rg7+ 1-0

[Event "XLI Rilton Cup 2011-12"]
[Site "Stockholm SWE"]
[Date "2012.01.04"]
[Round "8"]
[Board "19"]
[White "Glimbrant, Torbjorn"]
[Black "Lundin, Jan"]
[Result "1/2-1/2"]
[BlackTitle "FM"]
[WhiteElo "2250"]
[BlackElo "2314"]
[WhiteFideId "1700995"]
[BlackFideId "1706896"]
[EventDate "2011.12.27"]

1. e4 Nf6 2. e5 Nd5 3. d4 d6 4. Nf3 Bg4 5. Be2 c6 6. exd6 exd6 7. O-O Be7 8. Re1
O-O 9. c4 Nb6 10. Qc2 Bh5 11. Bf4 Na6 12. Nbd2 Re8 13. Bd3 Bg6 14. Bxg6 hxg6 15.
Re3 Bf8 16. Rae1 Qd7 17. a3 Nc7 18. Rxe8 Rxe8 19. Rxe8 Nxe8 20. Kf1 Nf6 21. h3
Qe6 22. Ng5 Qf5 23. Qxf5 gxf5 24. Ke2 d5 25. c5 Nc4 26. Nxc4 dxc4 27. Nf3 Nd5
28. Bb8 g6 29. Bxa7 Bh6 30. Ne5 c3 31. bxc3 Nxc3+ 32. Kd3 Nb5 33. Bb8 Nxa3 34.
Nd7 Bg5 35. Be5 Bd8 36. f3 Nb5 37. Kc4 Na3+ 38. Kb3 Nb5 39. Kb4 Na7 40. Kc4 Be7
41. Bb8 Nc8 42. d5 cxd5+ 43. Kxd5 Bd8 44. Bd6 Na7 45. Be5 Nc8 46. Kc4 Na7 47.
Bc3 Nc6 48. Kb5 Na7+ 49. Kb4 Nc6+ 50. Kb5 Na7+ 51. Kb4 Nc6+ 52. Ka4 Bc7 53. Bf6
Kh7 54. Kb5 Kh6 55. Kc4 g5 56. g4 Kg6 57. Bc3 fxg4 58. hxg4 Bf4 59. Nb6 Be5 60.
Bb4 Bf6 61. Nc8 Be5 62. Bc3 Kf6 63. Nd6 Bxc3 64. Kxc3 Ke5 65. Nxf7+ Kf4 66. Kc4
Kxf3 67. Nh6 Ke4 68. Kb5 Kd5 69. Nf7 Nd4+ 70. Kb6 Ne6 71. Nxg5 Nxg5 72. Kxb7
Kxc5 1/2-1/2

[Event "XLI Rilton Cup 2011-12"]
[Site "Stockholm SWE"]
[Date "2012.01.04"]
[Round "8"]
[Board "20"]
[White "Berggren, Jonatan"]
[Black "Malmdin, Nils-Ake"]
[Result "0-1"]
[BlackTitle "FM"]
[WhiteElo "2150"]
[BlackElo "2308"]
[WhiteFideId "1701762"]
[BlackFideId "1701584"]
[EventDate "2011.12.27"]

1. e4 c5 2. Nf3 Nc6 3. d4 cxd4 4. Nxd4 g6 5. Nc3 Bg7 6. Nde2 Nf6 7. g3 b5 8. Bg2
Rb8 9. O-O O-O 10. h3 d6 11. Be3 a6 12. Re1 Bb7 13. Nd5 Nd7 14. c3 Ba8 15. Qd2
Re8 16. Rad1 a5 17. a3 Nce5 18. b3 Nc5 19. Qc2 Ned7 20. b4 Na4 21. Nd4 axb4 22.
Nxb5 Nxc3 23. Nbxc3 bxc3 24. Bd4 Rc8 25. Re3 Bxd4 26. Rxd4 Bxd5 27. exd5 Qa5 28.
Rdd3 Qxa3 29. Rxc3 Rxc3 30. Rxc3 Qa1+ 31. Kh2 Nc5 32. Re3 Kf8 33. Qe2 Qf6 34.
Rf3 Qd4 35. Rf4 Qa1 36. Qf3 f5 37. g4 Qe5 38. Kg1 Nd3 39. Ra4 Ne1 40. Qf4 Nxg2
41. Qxe5 dxe5 42. Kxg2 Rd8 43. Ra5 Kf7 44. Kg3 Kf6 45. Rb5 Rd6 46. f3 f4+ 47.
Kf2 Ra6 48. Rb2 Rd6 49. Rb5 Kg5 50. Rb7 Rxd5 51. Rxe7 h6 52. Re6 Ra5 53. Kg2
Ra2+ 54. Kf1 Kh4 55. Rxg6 Kg3 56. Rxh6 Kxf3 57. Ke1 e4 58. Re6 Ke3 59. Kd1 Kf3 0-1

[Event "XLI Rilton Cup 2011-12"]
[Site "Stockholm SWE"]
[Date "2012.01.04"]
[Round "8"]
[Board "21"]
[White "Arman, Deniz"]
[Black "Lokander, Martin"]
[Result "1-0"]
[WhiteTitle "FM"]
[WhiteElo "2304"]
[BlackElo "2151"]
[WhiteFideId "6302106"]
[BlackFideId "1709569"]
[EventDate "2011.12.27"]

1. e4 e5 2. Nf3 Nc6 3. Bb5 a6 4. Bxc6 dxc6 5. O-O Bg4 6. h3 Bh5 7. g4 Bg6 8.
Nxe5 Qh4 9. Qf3 f6 10. Nxg6 hxg6 11. Kg2 g5 12. d4 O-O-O 13. Be3 Bd6 14. Rh1 Ne7
15. Nd2 Kb8 16. Kf1 Ng6 17. Qf5 Qh6 18. Qa5 Nh4 19. b4 Bf4 20. a4 Bxe3 21. fxe3
f5 22. gxf5 g4 23. Ke2 Ng2 24. Ra3 gxh3 25. b5 h2 26. bxc6 Qxc6 27. Rc3 Qd7 28.
Qe5 Qxa4 29. Qxc7+ Ka7 30. Rb3 Rb8 31. Rxh2 Nh4 32. Qg3 Rbc8 33. Rxh4 Rxh4 34.
Qxh4 Rxc2 35. Rd3 Qb5 36. e5 Rc3 37. Qe4 1-0

[Event "XLI Rilton Cup 2011-12"]
[Site "Stockholm SWE"]
[Date "2012.01.04"]
[Round "8"]
[Board "22"]
[White "Kenneskog, Theodor"]
[Black "Mack, Wolfgang"]
[Result "1-0"]
[WhiteElo "2123"]
[BlackElo "2293"]
[WhiteFideId "1715011"]
[BlackFideId "4685458"]
[EventDate "2011.12.27"]

1. d4 g6 2. c4 Bg7 3. Nf3 c5 4. d5 e5 5. Nc3 d6 6. g3 Nf6 7. Bg2 O-O 8. O-O Na6
9. e4 Nc7 10. Ne1 Rb8 11. a4 Nd7 12. Nd3 b6 13. Qc2 a6 14. b4 Ra8 15. a5 b5 16.
bxc5 Nxc5 17. Nxc5 dxc5 18. Be3 Qd6 19. Nd1 Bd7 20. cxb5 Nxb5 21. Qxc5 Qxc5 22.
Bxc5 Rfc8 23. Bb6 Nd4 24. Ne3 Bb5 25. Rfe1 Bf8 26. Red1 Bc5 27. Bh3 f5 28. exf5
Bxb6 29. axb6 Re8 30. fxg6 hxg6 31. Bf1 Rab8 32. Bxb5 axb5 33. Ra6 Rf8 34. Kg2
Nb3 35. b7 Rxb7 36. Rxg6+ Kf7 37. Rg5 Re8 38. Ng4 e4 39. d6 Na5 40. Re5 Nc6 41.
Rxe8 Kxe8 42. Nf6+ Kf7 43. Nxe4 Rb8 44. Nc5 b4 45. Rd3 Rb5 46. Nb3 Rb8 47. f4 1-0

[Event "XLI Rilton Cup 2011-12"]
[Site "Stockholm SWE"]
[Date "2012.01.04"]
[Round "8"]
[Board "23"]
[White "Glantz, Robert"]
[Black "Olund, Joar"]
[Result "1/2-1/2"]
[WhiteElo "2289"]
[BlackElo "2141"]
[WhiteFideId "24629596"]
[BlackFideId "1714848"]
[EventDate "2011.12.27"]

1. e4 g6 2. d4 Bg7 3. Nf3 d6 4. Bc4 Nf6 5. Qe2 Nc6 6. e5 Ng4 7. h3 Nh6 8. O-O
dxe5 9. dxe5 Nd4 10. Nxd4 Qxd4 11. Nc3 Nf5 12. Re1 O-O 13. Nd5 Be6 14. c3 Qc5
15. Rd1 b5 16. Bb3 Rfd8 17. Be3 Nxe3 18. Qxe3 Qxe3 19. fxe3 Rd7 20. Nb4 Rxd1+
21. Rxd1 Bxb3 22. axb3 Bxe5 23. Rd5 Bd6 24. Rxb5 a5 25. Nc2 c6 26. Rb6 Rb8 27.
Rxb8+ Bxb8 28. Kf2 e5 29. b4 Bc7 30. Ke2 e4 31. Nd4 axb4 32. cxb4 f5 33. Nxc6
Kf7 34. Na5 Ke6 35. Nc4 Kd5 36. b3 Kc6 37. Kd2 h5 38. Kc3 g5 39. Kd4 Kb5 1/2-1/2

[Event "XLI Rilton Cup 2011-12"]
[Site "Stockholm SWE"]
[Date "2012.01.04"]
[Round "8"]
[Board "24"]
[White "Lindgren, Philip"]
[Black "Von Bahr, Oskar"]
[Result "1/2-1/2"]
[WhiteElo "2152"]
[BlackElo "2284"]
[WhiteFideId "1713230"]
[BlackFideId "1703250"]
[EventDate "2011.12.27"]

1. d4 Nf6 2. c4 e6 3. g3 e5 4. dxe5 Ng4 5. Nf3 Bc5 6. e3 Nc6 7. Bg2 Ngxe5 8.
Nxe5 Nxe5 9. O-O O-O 10. Nc3 d6 11. Qe2 Bf5 12. Rd1 Be6 13. Ne4 Bg4 14. f3 Bd7
15. Nxc5 dxc5 16. b3 Qe7 17. Bb2 Bc6 18. Rd2 Rad8 19. Rad1 f6 20. h3 Rxd2 21.
Rxd2 Rd8 22. e4 Rxd2 23. Qxd2 Qd6 24. Bc3 Kf7 25. a3 Ke7 26. Kf2 Nf7 27. f4
Qxd2+ 28. Bxd2 Ke6 29. Ke3 Nd6 30. g4 g5 31. Bc3 Nf7 32. Bf3 h6 33. Bb2 Ke7 34.
Bc3 Ke6 35. Bb2 Ke7 1/2-1/2

[Event "XLI Rilton Cup 2011-12"]
[Site "Stockholm SWE"]
[Date "2012.01.04"]
[Round "8"]
[Board "26"]
[White "Codenotti, Marco"]
[Black "Cramling, Dan"]
[Result "1-0"]
[WhiteTitle "FM"]
[BlackTitle "IM"]
[WhiteElo "2293"]
[BlackElo "2392"]
[WhiteFideId "800015"]
[BlackFideId "1700162"]
[EventDate "2011.12.27"]

1. e4 c5 2. Nf3 e6 3. d4 cxd4 4. Nxd4 a6 5. c4 Nf6 6. Nc3 Qc7 7. a3 b6 8. Be3
Bb7 9. f3 d6 10. Be2 Nbd7 11. O-O Be7 12. a4 O-O 13. a5 bxa5 14. Nb3 Rab8 15.
Nxa5 Ba8 16. Qd2 d5 17. cxd5 exd5 18. exd5 Bd6 19. f4 Nb6 20. Rfc1 Bb4 21. Qd4
Qe7 22. Nc6 Bxc6 23. dxc6 Nbd5 24. Nxd5 Nxd5 25. Bxa6 Nxe3 26. c7 Ra8 27. Qe5
Qd7 28. Qe4 Bc5 29. Rxc5 Rxa6 30. Rxa6 Qd1+ 31. Kf2 Qd2+ 32. Kg3 f5 33. Qf3 g5
34. fxg5 f4+ 35. Kh4 1-0

[Event "XLI Rilton Cup 2011-12"]
[Site "Stockholm SWE"]
[Date "2012.01.04"]
[Round "8"]
[Board "27"]
[White "Dragicevic, Drazen"]
[Black "Johansson, Gunnar"]
[Result "1-0"]
[WhiteTitle "FM"]
[WhiteElo "2312"]
[BlackElo "2238"]
[WhiteFideId "1707922"]
[BlackFideId "1703501"]
[EventDate "2011.12.27"]

1. e4 c5 2. Nf3 Nc6 3. d4 cxd4 4. Nxd4 e6 5. Nb5 d6 6. c4 Nf6 7. N1c3 a6 8. Na3
b6 9. Be2 Bb7 10. O-O Be7 11. Be3 O-O 12. Qd2 Ne5 13. f3 Re8 14. Rfd1 Qc7 15.
Rac1 Rac8 16. Bf1 Ned7 17. Nc2 Qb8 18. Nd4 Ne5 19. Na4 Ba8 20. b4 Bf8 21. Bf2 d5
22. exd5 exd5 23. c5 bxc5 24. bxc5 Bb7 25. Nb3 Nc6 26. Nb6 Rcd8 27. Bg3 Ne5 28.
Re1 Nh5 29. Bxe5 Rxe5 30. c6 Bc8 31. Nxc8 Rxc8 32. Rxe5 Qxe5 33. Bxa6 Rc7 34.
Re1 Qd6 35. Bb5 Re7 36. Rc1 Nf4 37. Nd4 Qe5 38. Bf1 Ne6 39. Nb5 Nc7 40. a4 g6
41. g3 Bg7 42. Rc2 h5 43. Qf4 Qxf4 44. gxf4 Bh6 45. f5 Kg7 46. fxg6 fxg6 47. Bh3
Bf4 48. Bd7 Re1+ 49. Kg2 Ra1 50. Nxc7 Bxc7 51. Be6 Rxa4 52. Bxd5 Kf6 53. Re2 Be5
54. Rxe5 Kxe5 55. c7 1-0

[Event "XLI Rilton Cup 2011-12"]
[Site "Stockholm SWE"]
[Date "2012.01.04"]
[Round "8"]
[Board "28"]
[White "Golikov, Nikolai"]
[Black "Bergstrom, Rolf"]
[Result "1-0"]
[BlackTitle "FM"]
[WhiteElo "2003"]
[BlackElo "2301"]
[WhiteFideId "24101630"]
[BlackFideId "1702386"]
[EventDate "2011.12.27"]

1. e4 b6 2. d4 Bb7 3. Nc3 e6 4. Be3 Bb4 5. Bd3 f5 6. f3 fxe4 7. fxe4 Qh4+ 8. Bf2
Qe7 9. Nf3 Nf6 10. Bh4 Bxc3+ 11. bxc3 Qa3 12. O-O Ba6 13. c4 Bxc4 14. Bxc4 Qe3+
15. Kh1 Qxe4 16. Bd3 Qg4 17. Qd2 Nc6 18. Rae1 O-O 19. Bxf6 gxf6 20. Re4 Qg7 21.
Rh4 f5 22. Qf4 Nb4 23. Bc4 Nxc2 24. Ne5 Kh8 25. Rf3 d6 26. Rg3 dxe5 27. Rxg7
exf4 28. Rhxh7# 1-0

[Event "XLI Rilton Cup 2011-12"]
[Site "Stockholm SWE"]
[Date "2012.01.04"]
[Round "8"]
[Board "29"]
[White "Luukkonen, Tommi"]
[Black "Pettersson, Anders1"]
[Result "0-1"]
[WhiteTitle "FM"]
[WhiteElo "2252"]
[BlackElo "2207"]
[WhiteFideId "501808"]
[BlackFideId "1709771"]
[EventDate "2011.12.27"]

1. e4 c5 2. Nf3 g6 3. c3 Bg7 4. d4 cxd4 5. cxd4 d5 6. e5 Nc6 7. Bb5 f6 8. O-O
Nh6 9. Re1 O-O 10. h3 Nf7 11. Nc3 fxe5 12. Bxc6 bxc6 13. dxe5 e6 14. Na4 Rb8 15.
Be3 Nxe5 16. Nxe5 Bxe5 17. Bxa7 Bc7 18. Bc5 Rf5 19. Qd2 e5 20. Nc3 e4 21. b4 Qh4
22. b5 Rg5 23. Re3 Bf4 24. Kf1 Rxg2 25. Kxg2 Qg5+ 26. Rg3 Qxg3+ 27. fxg3 Bxd2
28. Bd4 Bxc3 29. Bxc3 Rxb5 30. a4 Rb3 31. Bd4 Rd3 32. Bc5 Rc3 33. Bd6 Rc2+ 34.
Kg1 Kf7 0-1